| 000 | 00905nas a2200301 4500 | ||
|---|---|---|---|
| 001 | BR2010000065 | ||
| 003 | BR-BrBNA | ||
| 005 | 20231205114024.0 | ||
| 007 | ta | ||
| 008 | 230509b bl.|||p| |||| 00| 00por d | ||
| 040 |
_aBR-BrBNA _bpor _cBiblioteca Nacional de Agricultura |
||
| 041 | _a(Pt) | ||
| 072 | _aJ11 | ||
| 100 | 1 | _aBrackmann, A. | |
| 100 | 1 | _aAnese, R. de O. | |
| 100 | 1 | _aPinto, J.A.V. | |
| 100 | 1 | _aSteffens, C. | |
| 100 | 1 | _aGuarienti, A.J.W. | |
| 245 | 1 | _aTemperatura, umidade relativa e atraso na instalação da atmosfera controlada no armazenamento de maçã Fuji | |
| 650 | _aMAÇÃ | ||
| 650 | _aPÓS-COLHEITA | ||
| 650 | _aARMAZENAMENTO | ||
| 650 | _aTEMPERATURA | ||
| 650 | _aQUALIDADE | ||
| 773 | 0 |
_tCiência Rural (Brazil) _xISSN 0103-8478 _g(Nov 2009), v. 39(8) p. 2367-2372 _wBR2010000065 |
|
| 909 |
_a202311 _bLúcia _c55 _dLúcia Elande |
||
| 942 |
_2AGRIS _n0 _cANA |
||
| 999 |
_c206752 _d206752 |
||